000 00461nam a2200157 4500
001 138467
003 ES-MaACL
005 20230906195554.0
007 t|
008 070214s1911 pe r ||||1| spa d
100 1 _aSanjuan, Manuela.
_9103160
245 1 0 _aPor América y Europa
_b: impresiones de viaje /
_cManuela Sanjuan.
260 _aLima :
_b[s. n.],
_c1911 (
_fImp. de `El Diario`)
300 _a325, XI p. ;
_c20 x 11 cm.
852 _aES-MaACL
_jG-8750
999 _c138467
_d138467